000
00165nam a22000857a 4500
082
_a
823
100
_a
AMRITA &SANGEETA
245
_a
THE DONKEY AND THE GOAT
942
_c
BK
999
_c
8441
_d
8441